000 00248nam a2200097Ia 4500
008 240331s9999 xx 000 0 und d
082 _bAGA
100 _aAgrawal, B
245 2 _aA field of one's own :
_bgender and land rights in South Asia
942 _cL
999 _c2519
_d2519